1466 1138 1147 1626 1645 1001 1758 1044 1002 1733 1242 1884 1753 1513 1264 1900 1675 1856 1618 1667 1683 1709 1074 1970 1423 1025 1362 1939 1350 1674 1406 1343 1611 1904 1680 1492 1239 1804 1954 1391 1476 1042 1325 1954 1433 1288 1200 1921 1831 1040 1395 1874 1733 1949 1450 1062 1757 1764 1085 1757 1344 1358 1677 1355 1103 1017 1929 1133 1568 1347 1422 1944 1514 1260 1424 1118 1061 1312 1756 1245 1063 1357 1155 1653 1573 1742 1409 1173 1392 1523 1451 1585 1118 1252 1565 1734 1761 1621 1582 BCNSPRNW ULIB Ver.6.0+V

เปลี่ยนเป็นภาษาไทย

Change to English
 แสดงรายละเอียดบรรณานุกรม
  กลับหน้าหลัก

Brief Record : Get Marc (ISO 2709) : E-mail record : QR code < ปิดหน้าต่าง
LEADER : 00000nam 2200000uu 4500
001    13399127989
003     ULIB
008    211129s||||||||th 000 0 tha d
020    ^a9789740339113 (ล. 1)
050 00 ^aPE1119^bม64E^cL.1
100 0  ^aมาลินี จันทวิมล
245 10 ^aExpanding reading skills LEVEL 1 /^cมาลินี จันทวิมล
260    ^aกรุงเทพฯ :^bสำนักพิมพ์จุฬาลงกรณ์มหาวิทยาลัย,^c2563
300    ^a162 หน้า. :^bภาพประกอบ
650  4 ^aภาษาอังกฤษ^xการศึกษาและการสอน (มัธยมศึกษา)
650  4 ^aภาษาอังกฤษ^xตำราสำหรับชนต่างชาติ
945    ^p260^l0^i008567
999    ^aอังศุธร กาญจนาโรจน์พันธ์
รายการนี้ยังไม่มีแท็ก
คุณยังไม่ได้ล็อกอิน คุณสามารถมีกิจกรรมร่วมกับเว็บไซต์ได้ แต่ต้องล็อกอินก่อน ::
  ล็อกอิน

รายการสื่อสารสนเทศ

ลำดับที่ ประเภท เลขเรียก/บาร์โค้ด สถานที่ สถานะ
1. การศึกษาทั่วไป
การศึกษาทั่วไป
PE1119 ม64E L.1 ฉ.1 
  Barcode: 008567
ห้องสมุดวิทยาเขตสวรรค์ประชารักษ์
►หนังสือทั่วไป
บนชั้น

รายการใกล้เคียง
    ผู้แต่ง [มาลินี จันทวิมล]

BibComment


ยังไม่เคยถูกคอมเมนท์

คอมเมนท์ทรัพยากรรายการนี้
  คอมเมนท์: Expanding readin..


 Copyright 2026. Bcnsprnw @Library